Contribución al conocimiento de los bracónidos de España (Registro nro. 175157)

Detalles MARC
000 -LEADER
campo de control de longitud fija 01041nam a22002415i 4500
001 - NÚMERO DE CONTROL
campo de control 175157
003 - IDENTIFICADOR DE NÚMERO DE CONTROL
campo de control ES-MaACL
005 - FECHA Y HORA DE LA ÚLTIMA TRANSACCIÓN
campo de control 20250815103933.0
008 - DATOS DE LONGITUD FIJA--INFORMACIÓN GENERAL
campo de control de longitud fija 101008s1964 sp ao |||| | spa d
080 ## - NÚMERO DE LA CLASIFICACIÓN DECIMAL UNIVERSAL
Número de la Clasificación Decimal Universal 595.79
100 1# - ENTRADA PRINCIPAL--NOMBRE DE PERSONA
Nombre de persona Docavo Alberti, Ignacio.
9 (RLIN) 44953
245 10 - MENCIÓN DEL TÍTULO
Título Contribución al conocimiento de los bracónidos de España
Resto del título : subfamilias Braconinae (Först.) Handl. y Cheloninae (Först.) Saeger : premio "Leonardo Torres Quevedo", 1958 /
Mención de responsabilidad, etc. Ignacio Docavo Alberti.
260 ## - PUBLICACIÓN, DISTRIBUCIÓN, ETC.
Lugar de publicación, distribución, etc. Madrid :
Nombre del editor, distribuidor, etc. Consejo Superior de Investigaciones Científicas,
Fecha de publicación, distribución, etc. 1964.
300 ## - DESCRIPCIÓN FÍSICA
Extensión XVI, 215 p. :
Otras características físicas il., fot.. ;
Dimensiones 25 cm.
490 1# - MENCIÓN DE SERIE
Mención de serie Monografías de ciencia moderna ;
Designación de volumen o secuencia 71
490 1# - MENCIÓN DE SERIE
Mención de serie Instituto "José de Acosta" ;
Designación de volumen o secuencia 2
650 14 - PUNTO DE ACCESO ADICIONAL DE MATERIA--TÉRMINO DE MATERIA
Término de materia o nombre geográfico como elemento de entrada Bracónidos-
Subdivisión geográfica España.
9 (RLIN) 143510
710 2# - ENTRADA AGREGADA--NOMBRE DE ENTIDAD CORPORATIVA
Nombre de entidad corporativa o nombre de jurisdicción como elemento de entrada Consejo Superior de Investigaciones Científicas (España)
9 (RLIN) 3236
830 0# - PUNTO DE ACCESO ADICIONAL DE SERIE-TÍTULO UNIFORME
Título uniforme Monografías de ciencia moderna
Designación de volumen o secuencia 71
9 (RLIN) 189470
830 0# - PUNTO DE ACCESO ADICIONAL DE SERIE-TÍTULO UNIFORME
Título uniforme Instituto "José de Acosta" ;
Designación de volumen o secuencia 2
9 (RLIN) 189528
852 ## - LOCALIZACIÓN
Ubicación ES-MaACL
Número de control de estantería E-13335
Encuadernación Olim P-555 bis
Existencias
Estatus retirado Estado de pérdida Estado de daño No para préstamo Biblioteca de origen Biblioteca actual Ubicación en estantería Fecha de adquisición Fuente de adquisición Total de préstamos Signatura topográfica completa Código de barras Visto por última vez Precio de reemplazo Tipo de ítem Koha
        Biblioteca del Ateneo de Madrid Biblioteca del Ateneo de Madrid Depósito 2 08/10/2010     E-13335 1183916 23/02/2023 23/02/2023 Libro impreso